000 01046nam a22003017a 4500
001 7028
003 FISKH
005 20250619093808.0
008 250619b cb ||||| |||| 00| 0 eng d
020 _a9780340672846
040 _aFISKH
_beng
_cFISKH
_dFISKH
050 _aPZ7.D2193 K
082 _a823.914
100 _aDaniels, Lucy
245 _aKitten crowd :
_bSix Kittens need a home... /
_cLucy Daniels ; Illustrated by Paul Howard
250 _aThis edition first published in 1996
260 _aLondon :
_bHodder,
_c1996
300 _a121 pages :
_billustration :
_c20 cm
505 _aN
520 _aMandy's friend Katie is moving away and can't take her cat's six kittens with her. Mandy only has one week before Katie leaves to find them a good home. Who will want to adopt six kittens?
521 8 _a530
_bLexile
521 8 _aN
_bRaz-Plus
650 _2Realistic fiction
_aAnimal Ark
650 _2Realistic fiction
_aWire tower
700 _aHoward, Paul
_dillustrator
942 _2ddc
_cBK
_n0
999 _c7028
_d7028